Detalles MARC
| 000 -LEADER |
| fixed length control field |
01530nam a2200337 a 4500 |
| 001 - CONTROL NUMBER |
| control field |
|
| 003 - CONTROL NUMBER IDENTIFIER |
| control field |
|
| 005 - DATE AND TIME OF LATEST TRANSACTION |
| control field |
20210804081507.0 |
| 008 - FIXED-LENGTH DATA ELEMENTS--GENERAL INFORMATION |
| fixed length control field |
100812s2020 dr 000 spa d |
| 020 ## - INTERNATIONAL STANDARD BOOK NUMBER |
| International Standard Book Number |
9789945613414 (v. 1) |
| 020 ## - INTERNATIONAL STANDARD BOOK NUMBER |
| International Standard Book Number |
9789945613407 (v. 2) |
| 020 ## - INTERNATIONAL STANDARD BOOK NUMBER |
| International Standard Book Number |
9789945613056 (v. 3) |
| 020 ## - INTERNATIONAL STANDARD BOOK NUMBER |
| International Standard Book Number |
9789945613766 (v. 5) |
| 040 ## - CATALOGING SOURCE |
| Original cataloging agency |
BPMSU |
| Language of cataloging |
spa |
| Transcribing agency |
BPMSU |
| 082 #4 - DEWEY DECIMAL CLASSIFICATION NUMBER |
| Classification number |
027.729384 |
| Item number |
D637a 2020 |
| Edition number |
22 |
| 245 00 - TITLE STATEMENT |
| Title |
Documentos del Archivo Real del Seibo / |
| Statement of responsibility, etc. |
compiladoras Perla T. Reyes Díaz, Rocío I. Devers Liriano |
| 260 ## - PUBLICATION, DISTRIBUTION, ETC. (IMPRINT) |
| Place of publication, distribution, etc. |
Santo Domingo, |
| Name of publisher, distributor, etc. |
Archivo General de la Nación ; |
| Date of publication, distribution, etc. |
2020. |
| 300 ## - PHYSICAL DESCRIPTION |
| Extent |
v. |
| Dimensions |
28 cm. |
| 490 0# - SERIES STATEMENT |
| Series statement |
Archivo General de la Nación, |
| Volume/sequential designation |
408 |
| 500 ## - GENERAL NOTE |
| General note |
Incluye datos biográficos de las compiladoras en la solapa de la cubierta |
| 500 ## - GENERAL NOTE |
| General note |
La biblioteca posee el v. 5 |
| 505 1# - FORMATTED CONTENTS NOTE |
| Miscellaneous information |
v. 1 : |
| Title |
Reales cédulas, provisiones de la real audiencia, bandos de gobernadores, actas capitulares y protocolos notariales: censos y capellanías -- |
| Miscellaneous information |
v. 2 : |
| Title |
Protocolos notariales: dotes y esponsales, esclavos y cartas de libertad -- |
| Miscellaneous information |
v. 3 : |
| Title |
Testamentos y testamentarías I -- |
| Miscellaneous information |
v. 4 : |
| Title |
Testamentos y testamentarías II -- |
| Miscellaneous information |
v. 5 : |
| Title |
Tierras. |
| 590 ## - LOCAL NOTE (RLIN) |
| Local note |
Inventariado, 2021/VM |
| 650 #4 - SUBJECT ADDED ENTRY--TOPICAL TERM |
| Topical term or geographic name as entry element |
Archivos |
| Geographic subdivision |
El Seibo ( República Dominicana ) |
| General subdivision |
Historia |
| 650 #4 - SUBJECT ADDED ENTRY--TOPICAL TERM |
| Topical term or geographic name as entry element |
Archivos |
| General subdivision |
Historia |
| Form subdivision |
Manuscritos. |
| 651 #4 - SUBJECT ADDED ENTRY--GEOGRAPHIC NAME |
| Geographic name |
El Seibo (República Dominicana) |
| General subdivision |
Historia |
| Form subdivision |
Fuentes |
| 700 12 - ADDED ENTRY--PERSONAL NAME |
| Personal name |
Reyes Díaz, Perla T. |
| Dates associated with a name |
1987- |
| Relator term |
comp. |
| 700 12 - ADDED ENTRY--PERSONAL NAME |
| Personal name |
Devers Liriano, Rocío I. |
| Dates associated with a name |
1983- |
| Relator term |
comp. |
| 910 ## - USER-OPTION DATA (OCLC) |
| User-option data |
Vmateo V. |
| 942 ## - ADDED ENTRY ELEMENTS (KOHA) |
| Source of classification or shelving scheme |
Dewey Decimal Classification |
| Koha item type |
Libros |